Statistiques concernant Dragon Ball Z-Tous les Arcs

Cliquez ici pour prendre le quiz!

Statistiques générales

  • Ce quiz a été pris 41 fois
  • Le résultat moyen est 3 sur 23

Statistiques - réponses

Arc% Correct
Cell Game
56%
Raditz
56%
Babidi
33%
Entraînement
33%
Gros Boo
17%
Boo original
14%
Boo 2ème forme
11%
Freezer contre Trunks
11%
Commando Ginyu
8%
Nappa et Vegeta
8%
C-19 et C-20
6%
Great Saiyaman
6%
Oob
6%
25ème Tenkaichi Budokai
3%
C-16, C-17 et C-18
3%
Cell forme parfaite
3%
Voyage pour Namek
3%
Cell 1ère forme
0%
Cell 2ème forme
0%
Freezer contre Son Goku
0%
Recherche des Dragon Balls de Namek
0%
Repos avant le Cell Game
0%
Tenkaichi Budokai de l'autre monde
0%

Distribution des résultats

Percentile par nombre de réponses

% des personnes avec chaque résultat

Votre développement - résultats

Vous n’avez pas pris ce quiz